000 005420000a22001810004500
003 MACL
005 20151023103809.0
008 151023b xxu||||| |||| 00| 0 eng d
040 _aMACL
_cMACL
041 _aEnglish
082 _a954/NAY
100 _aNayak, H M
_916320
245 _aSouth Indian Studies
_bArcheology History Epigraphy Numismatics Society Religion Philosophy Architecture Art Language Literarure Folklore
260 _bGeeta Books House
_c1990
_aMysore
350 _a750
650 _aHistory
_916321
942 _cBK
_k954
_2ddc
999 _c3923
_d3923